Disney Zeichentrick-Serien - Statistiken

Allgemein
  • Dieses Quiz wurde 1.036 mal gespielt
    41 seit der letzten Aktualisierung
  • Das Durchschnittsergebnis liegt bei 8 aus 22
Antwortstatistiken
Hint Antwort % Korrekt
Schulhofgeschichten Große Pause
77%
Unter dem Meer Arielle
63%
Reiche Ente DuckTales
63%
Weiblicher Teenager vs Verbrecher Kim Possible
60%
Hüpfende Bären Gummibärenbande
54%
Weiße Hunde 101 Dalmatiner
46%
Nagetiere vs Verbrecher Chip und Chap
46%
Superheldente vs Verbrecher Darkwing Duck
43%
Hundevater und sein Sohn Goofy und Max
43%
Honigessender Bär Winnie Puuh
40%
Inka-König Kuzco’s Königsklasse
37%
Erfindungen von Brüdern Phineas und Ferb
34%
Drache American Dragon
31%
Wochenende macht Spaß Wochenend-Kids
31%
Wüste Aladdin
29%
Pilotbär Käpt’n Balu
29%
Security-Team Fillmore
26%
Hawaii Lilo & Stitch
23%
Nachfolger von "Neue Micky Maus Geschichten" Mickys Clubhaus
14%
Ente und Teenagerneffen Quack Pack
14%
König der Löwen Timon und Pumbaa
14%
Rothaariges Mädchen Pepper Ann
9%
Keine übereinstimmenden Quizze gefunden
Verteilung der Resultate
Anzahl Personen mit jedem Resultat
Perzentil nach korrekt beantworteten Fragen
Ihre Resultats-Entwicklung
Sie haben dieses Quiz seit der letzten Aktualisierung nicht gespielt